000
00255nam a2200097Ia 4500
001
1250349
005
20251031150854.0
008
251031s9999 xx 000 0 und d
245
0
_c
İNCİ ARAL
_a
C-4 AŞKIN GÜZELLİĞİ
260
_b
KIRMIZI KEDİ YAYINLARI
999
_c
1250349
_d
1250349